=LDR 00000nam 2200000 4500 =001 INLIS000000000034334 =005 20130612140238 =008 ***********************************ind** =035 ##$$a0010-061300000034334 =041 ##$$a ind =082 ##$$a 028.5 =090 ##$$a 028.5, Mua,a =100 ##$$a Muakhir,Ali =245 ##$$a Anak Rajin, The Diligent Kid, Ali Muakhir; Penerjemah, Noviana Abdu; Editor, Tim.GB =260 ##$$a 2008 $b Solo =300 ##$$a 23 hlm., Illus., 18 cm =650 ##$$a Bacaan Kanak-Kanak =700 ##$$a Abgu, Noviana =850 ##$$a NBPNMAT =990 ##$$a 21400613/BPAP-NTB/20142014 =990 ##$$a 21400613/BPAP-NTB/20142014